| 000 | 00314nam a22001217a 4500 | ||
|---|---|---|---|
| 020 | _a007058671 | ||
| 082 | _a005.8 | ||
| 100 | _aBragg, Roberta, & Strassberg,Keith &Rhodes-Ousley,Mark | ||
| 245 | _aThe complete Reference network Security | ||
| 260 |
_aIndia _bTata McGraw-Hill _c2004 |
||
| 300 |
_a866 _bPB |
||
| 942 | _cBK | ||
| 999 |
_c23139 _d23139 |
||